Sesión de cine /

I tiakina i:
Ngā taipitopito rārangi puna kōrero
Kaituhi matua: Galant, Tomas (autor)
Hōputu: Pukapuka
Reo:Pāniora
I whakaputaina: Valencia, España : Fomento de Cultura, 1959, c1959
Ngā marau:
Ngā Tūtohu: Tāpirihia he Tūtohu
Kāore He Tūtohu, Me noho koe te mea tuatahi ki te tūtohu i tēnei pūkete!

MARC

LEADER 00000nam^a2200000^a^4500
001 000327228
005 20250521000000.0
009 20260310113831.283
037 |a Acervo Xavier Clavigero 
041 |a ESP 
082 |a 863.  |b GAL 
100 |a Galant, Tomas  |e (autor) 
245 1 0 |a Sesión de cine /  |c T. Galant. 
264 4 |a Valencia, España :  |b Fomento de Cultura,  |c 1959, c1959 
300 |a 220 p. 
336 |a texto  |b txt  |2 rdacontenido 
337 |a sin mediación  |b n  |2 rdamedio 
338 |a volumen  |b nc  |2 rdasoporte 
649 |a XX 
650 |a Cuentos Españoles 
650 |a Literatura Española -  |y Siglo XX 
650 |a Literatura y Cine 
910 |a Fondo General 
920 |a Impresos - Libros 
930 |a Colección General 
940 |a Literatura 
905 |a 101 
901 |a 0500216172  |b IT1  |c LIT  |u 20250521 
902 |a https://opac.biblio.iteso.mx/vufind/Record/000327228